Logo BPK

Biblioteka

Politechniki Koszalińskiej

Statystyka handlu morskiego Elbląga w latach 1585-1712. (Rekord nr 51892)

Szczegóły MARC
000 -ETYKIETA REKORDU
podpole kontrolne o stałej długości 01036nam a2200277 i 4500
001 - NUMER KONTROLNY REKORDU
pole kontrolne bg
015 ## - NUMER BIBLIOGRAFII NARODOWEJ
Numer bibliografii narodowej PB 15251/2006
020 ## - MIĘDZYNARODOWY ZNORMALIZOWANY NUMER KSIĄŻKI - ISBN
ISBN 8374671254
040 ## - ŹRÓDŁO KATALOGOWANIA
Instytucja, która utworzyła rekord BPK
041 ## - KOD JĘZYKA
Kod języka tekstu pol
080 ## - UNIWERSALNA KLASYFIKACJA DZIESIĘTNA - UKD
UKD 656.61:339.5](438)"15/17"(083.41)
920 ## - Międzynarodowy znormalizowany numer książki – ISBN
ISBN 83-7467-125-4
008 - POLE O STAŁEJ DŁUGOŚCI - DANE KONTROLNE
podpole kontrolne o stałej długości s pl f |000 0 pol
100 1# - NAZWA OSOBOWA
Nazwa osobowa GROTH, Andrzej
Daty związane z nazwą (1939- ).
245 10 - TYTUŁ/ODPOWIEDZIALNOŚĆ
Tytuł Statystyka handlu morskiego Elbląga w latach 1585-1712.
Oznaczenie części/sekcji dzieła Cz.1,
Tytuł części/sekcji dzieła Przywóz towarów drogą morską /
Pozostałe elementy strefy tytułu i oznaczenia odpowiedzialności Andrzej Groth ; Pomorska Akademia Pedagogiczna w Słupsku.
246 18 - WARIANT TYTUŁU
Tytuł Statystyka handlu morskiego Elbląga
260 ## - STREFA ADRESU WYDAWNICZEGO
Miejsce wydania Słupsk :
Nazwa wydawcy/dystrybutora Wydawnictwo PAP,
Data publikacji, dystrybucji/powstania dokumentu 2006.
300 ## - STREFA OPISU FIZYCZNEGO
Objętość 368 s. ;
Rozmiary 25 cm.
500 ## - UWAGI OGÓLNE
Tekst uwagi Tyt. grzb.: Statystyka handlu morskiego Elbląga. Zawiera gł. tabele.
650 #9 - HASŁO PRZEDMIOTOWE W FORMIE NAZWY OGÓLNEJ LUB JEDNOSTKOWEJ
Nazwa ogólna lub geograficzna Handel zagraniczny
Określnik geograficzny Polska
Określnik chronologiczny 16-18 w.
650 #9 - HASŁO PRZEDMIOTOWE W FORMIE NAZWY OGÓLNEJ LUB JEDNOSTKOWEJ
Nazwa ogólna lub geograficzna Transport morski
Określnik geograficzny Polska
Określnik chronologiczny 16-18 w.
651 #9 - HASŁO PRZEDMIOTOWE W FORMIE NAZWY GEOGRAFICZNEJ
Nazwa geograficzna Elbląg (woj. warmińsko-mazurskie)
Określnik ogólny handel i usługi
Określnik chronologiczny 16-18 w.
655 ## - TERMIN INDEKSOWY - OKREŚLENIE RODZAJU/FORMY DOKUMENTU
Określenie rodzaju/formy dokumentu Dane statystyczne
710 #0 - HASŁO DODATKOWE - NAZWA CIAŁA ZBIOROWEGO
Nazwa ciała zbiorowego lub jednostki geograficznej Pomorska Akademia Pedagogiczna (Słupsk)
856 ## - LOKALIZACJA I DOSTĘP DO ELEKTRONICZNYCH DOKUMENTÓW ZDALNYCH
Link (URL) http://koha.tu.koszalin.pl/cgi-bin/koha/opac-detail.pl?biblionumber=51892
Tekst linku Katalog online BPK
942 ## - DODATKOWE ELEMENTY (KOHA)
Typ dokumentu Książka
Egzemplarze
Wycofany Status egzemplarza Uszkodzony Dostępność Lokalizacja stała Lokalizacja bieżąca Miejsce przechowywania Sygnatura Kod kreskowy Typ dokumentu
      Tylko na miejscu Biblioteka Politechniki Koszalińskiej Biblioteka Politechniki Koszalińskiej Czytelnia Wydziałowa ul. Kwiatkowskiego 6e 79293 02312958 Książka
© 2023 Biblioteka Politechniki Koszalińskiej :: KOHA